Представление документа в формате RUSMARC

ПолеНазваниеЗначение
  Тип записи a
  Библиографический уровень a
001 Контрольный номер RU/CBS_UL/BASE/a876df564f1d40a4b1c3d1bfeebb3b2c
005 Дата корректировки 20260219162628.0
100 Данные общей обработки __
a Данные общей обработки 20260219 ||| 0rusy0189 ca
101 Язык документа 0_
a Язык текста rus
102 Страна публикации __
a Страна публикации RU
200 Заглавие и сведения об ответственности 1_
a Заглавие Русский просветитель Иван Сытин
e Сведения, относящиеся к заглавию [Иван Сытин - самый влиятельный издатель дореволюционной России]
f Первые сведения об ответственности С. Степашин
461 Уровень набора _0
1 2000
a Честь Отечества
463 Уровень физической единицы _0
1 2000
a № 1-2
v С. 22-23 : фото
1 2101
d 2026
1 001RU/CBS_UL/BASE/84d1925e5ac146458e290c11b6276ba6
600 Персоналии _1
a Персоналии (Фамилия) Сытин
b Персоналии (Имя, инициалы) И. Д.
606 Тематические рубрики 0_
a Основная рубрика Сытин, Иван Дмитриевич (1851-1934)
610 Ключевые слова 0_
a Ключевые слова издатели
610 Ключевые слова 0_
a Ключевые слова русские издатели
610 Ключевые слова 0_
a Ключевые слова издатели русские
610 Ключевые слова 0_
a Ключевые слова книгоиздатели
610 Ключевые слова 0_
a Ключевые слова русские книгоиздатели
610 Ключевые слова 0_
a Ключевые слова книгоиздатели русские
610 Ключевые слова 0_
a Ключевые слова книжная торговля
610 Ключевые слова 0_
a Ключевые слова офени
610 Ключевые слова 0_
a Ключевые слова просветители
610 Ключевые слова 0_
a Ключевые слова русские просветители
610 Ключевые слова 0_
a Ключевые слова просветители русские
686 Индексы других классификаций __
2 Код системы rubbk
a Классификационный индекс 76.17
700 Автор _1
a Фамилия Степашин
b Имя (инициалы) С.
801 Источник записи _0
a Страна RU
b Организация МБУК ЦБС г. Ульяновска
c Дата составления 20260219
g Правила каталогизации RCR
801 Источник записи _1
a Страна RU
b Организация МБУК ЦБС г. Ульяновска
c Дата составления 20260219
g Правила каталогизации RCR
901 Тип документа __
t Тип документа b
w Контрольный № источника RU/CBS_UL/BASE/84d1925e5ac146458e290c11b6276ba6
909 Создатель записи __
a Создатель записи lib2